Datum a čas kvízu
30.5
Celkem bodů
Celkový počet nahraných bodů na tomto kvízu bez doplňovacích otázek.
1.
Pořadí na kvízu
Konečné umístění týmu na tomto kvízu.
Zaznamenané odpovědi
| # | Otázka | Odpověď | Body | Výsledky |
|---|---|---|---|---|
| 1. | Napište čtyři slova, jimiž něk... | Společnost pro podporu Ukrajiny | 1 | |
| 2. | Parašutista Nicolas Scarabrin... | oko jehly | 0 | |
| 3. | Která moderátorka oznámila, že... | Lucie Výborná | 1 | |
| 4. | Tým španělských vědců vedený D... | slinivky | 1 | |
| 5. | Brankář Anatolij Trubin v posl... | Benfica Lisabon | 1 | |
| 6. | Na obrázku níže můžete vidět d... | Drákula a Frankenstein | 1 | |
| 7. | Co by to bylo za hororové téma... | D | 1 | |
| 8. | Ze které (převážně videoherní)... | Resident Evil | 1 | |
| 9. | Michael Myers, zabiják ze séri... | A | 1 | |
| 10. | Čím je inspirován česko-americ... | D | 1 |